000 00476nam a22001457a 4500
003 0
005 20230624105201.0
008 230624b xxu||||| |||| 00| 0 eng d
050 _aTR 897.5
_b.R67 2022
245 _aQuest and the five Ws: an educational animation for elementary students
_cRosales, Jamie Jean P.
260 _aLas PiƱas City
_bSouthville International School and Colleges
_cc2022
300 _aviii, 85pp.
_c28cm.
500 _aAnimation.
942 _2lcc
_cTH
999 _c365089
_d365089